[Event "MCR senioru 2013 - 70"]
[Site "?"]
[Date "2013.08.21"]
[Round "4.2"]
[White "Vitek, Vaclav"]
[Black "Glembek, Bohumir"]
[Result "0-1"]
[WhiteElo "2043"]
[BlackElo "1744"]
[PlyCount "123"]

1. f4 Nf6 2. Nf3 g6 3. b3 Bg7 4. Bb2 O-O 5. e3 d6 6. Be2 Nc6 7. O-O Re8 8. Nd4
Nxd4 9. exd4 d5 10. d3 Nd7 11. Qe1 c5 12. Qf2 cxd4 13. Bf3 e6 14. a4 a5 15. Na3
Qc7 16. Nb5 Qxf4 17. Bxd5 Qxf2+ 18. Rxf2 exd5 19. Nc7 Rf8 20. Nxa8 Ne5 21. Ba3
Rd8 22. Bc5 Nc6 23. Raf1 Bf5 24. Nc7 Bh6 25. g4 Bxg4 26. Rxf7 Bf5 27. R7xf5
gxf5 28. Rxf5 Be3+ 29. Kg2 h6 30. Nxd5 Bc1 31. h4 Kg7 32. Kg3 Re8 33. Bb6 Re2
34. Rf2 Re5 35. Nf6 Be3 36. Rf3 h5 37. Ne4 Re6 38. Ng5 Bxg5 39. hxg5 Kg6 40.
Kh4 Ne5 41. Rf6+ Rxf6 42. gxf6 Nf3+ 43. Kg3 Ne1 44. Bxd4 Nxc2 45. Bc3 Ne3 46.
Bxa5 Kxf6 47. Kf3 Nf5 48. Ke4 Ke6 49. Bc7 Ne7 50. Bg3 Nf5 51. Bf4 Ne7 52. Bg5
Nd5 53. Kd4 Kd6 54. Bh4 Kc6 55. Ke5 Nb4 56. d4 Nd3+ 57. Ke4 Nb4 58. a5 Nd5 59.
Be1 Ne7 60. b4 Nd5 61. b5+ Kd6 62. Kd3 0-1

[Event "MCR senioru 2013 - 70"]
[Site "?"]
[Date "2013.08.21"]
[Round "4.3"]
[White "Prachar, Josef"]
[Black "Laszkiewicz, Jerzy"]
[Result "1/2-1/2"]
[WhiteElo "1888"]
[BlackElo "1971"]
[PlyCount "35"]
[EventDate "2013.??.??"]

1. d4 f5 2. Nc3 Nf6 3. Bg5 g6 4. Bxf6 exf6 5. e3 d5 6. Qf3 c6 7. Bd3 Be6 8.
Nge2 Bd6 9. Nf4 Bf7 10. h4 h5 11. g3 Nd7 12. Nce2 Qe7 13. c3 Nf8 14. Bc2 Ne6
15. Nxe6 Bxe6 16. Nf4 Bf7 17. Kd2 Qc7 18. Nd3 1/2-1/2

[Event "MCR senioru 2013 - 70"]
[Site "?"]
[Date "2013.08.21"]
[Round "4.5"]
[White "Neubauer, Vilem"]
[Black "Vlasak, Ladislav"]
[Result "0-1"]
[WhiteElo "1873"]
[BlackElo "1797"]
[PlyCount "160"]
[EventDate "2013.??.??"]

1. f4 Nf6 2. g3 g6 3. Bg2 Bg7 4. Nf3 O-O 5. O-O d6 6. d3 c5 7. e4 Nc6 8. h3 Rb8
9. g4 e6 10. Be3 Nd7 11. Nbd2 f5 12. Ng5 Qe7 13. exf5 gxf5 14. gxf5 exf5 15.
Bd5+ Kh8 16. Re1 Qf6 17. Qh5 Qg6 18. Qxg6 hxg6 19. Nf7+ Kh7 20. Nxd6 Bxb2 21.
Rab1 Bc3 22. Bxc6 bxc6 23. Rxb8 Nxb8 24. Rb1 Ba6 25. Nf3 Nd7 26. Ng5+ Kg8 27.
Ne6 Rf6 28. Nxc5 Rxd6 29. Nxa6 Nb6 30. Kf2 Bd4 31. Bxd4 Rxd4 32. Rb4 Rd5 33.
Nb8 Rd6 34. Ke2 Kf7 35. a4 c5 36. Rb5 Nxa4 37. Rb7+ Kf6 38. Rxa7 Nb6 39. Rc7
Nd5 40. Nd7+ Ke7 41. Rxc5 Rxd7 42. Kf3 Kd6 43. Ra5 Rc7 44. c4 Nb4 45. Ke3 Nc2+
46. Kd2 Nb4 47. Rb5 Na6 48. Rd5+ Ke6 49. Re5+ Kf6 50. Rd5 Ke6 51. Re5+ Kf6 52.
Rb5 Rc6 53. Kc3 Nc7 54. Rb1 Ne6 55. Rd1 Rd6 56. Ra1 Nxf4 57. c5 Rxd3+ 58. Kc4
Rxh3 59. Ra6+ Ke7 60. Ra7+ Ke6 61. Ra6+ Kd7 62. Kb5 Rb3+ 63. Kc4 Rb8 64. Ra7+
Kc6 65. Ra6+ Kc7 66. Rf6 Re8 67. Rf7+ Kc6 68. Rf6+ Re6 69. Rf8 Re4+ 70. Kc3
Kxc5 71. Rc8+ Kd5 72. Rd8+ Kc6 73. Rf8 Kd7 74. Rg8 Ke7 75. Kd2 Kf6 76. Rh8 Kg5
77. Rh1 Kg4 78. Rg1+ Kf3 79. Rg5 Re2+ 80. Kd1 Rg2 0-1

[Event "MCR senioru 2013 - 70"]
[Site "?"]
[Date "2013.08.21"]
[Round "4.6"]
[White "Strakos, Tomas"]
[Black "Pavlu, Jiri"]
[Result "1-0"]
[WhiteElo "1779"]
[BlackElo "1871"]
[PlyCount "85"]
[EventDate "2013.??.??"]

1. d4 d5 2. c4 c6 3. Nf3 Nf6 4. Nc3 Bf5 5. Qb3 Qb6 6. Qxb6 axb6 7. e3 e6 8. Be2
h6 9. O-O Nbd7 10. Bd2 Bd6 11. Rfc1 O-O 12. h3 dxc4 13. Bxc4 b5 14. Bb3 Ne4 15.
Nxe4 Bxe4 16. Ne1 Bd5 17. Bxd5 exd5 18. Nd3 Ra7 19. Bb4 Bxb4 20. Nxb4 Ra4 21.
a3 Rfa8 22. Nd3 Kf8 23. Rab1 Ke7 24. Rc2 Kd6 25. Rbc1 Rc4 26. Kf1 Rxc2 27. Rxc2
Nb6 28. Ne5 Ke7 29. Ke2 Nc4 30. Nf3 b6 31. Nd2 Kd6 32. Nxc4+ bxc4 33. Kd2 c5
34. Kc3 b5 35. Rd2 Rb8 36. dxc5+ Kxc5 37. Rd4 b4+ 38. axb4+ Kc6 39. b3 cxb3 40.
Kxb3 Rb7 41. Rd2 Re7 42. Rc2+ Kb6 43. Rc5 1-0

[Event "MCR senioru 2013 - 70"]
[Site "?"]
[Date "2013.08.21"]
[Round "4.7"]
[White "Stec, Frantisek"]
[Black "Abraham, Karel"]
[Result "1/2-1/2"]
[WhiteElo "2017"]
[BlackElo "1779"]
[PlyCount "36"]
[EventDate "2013.??.??"]

1. Nf3 Nf6 2. c4 g6 3. Nc3 Bg7 4. g3 O-O 5. Bg2 c6 6. d4 d5 7. O-O e6 8. Qb3
Qb6 9. Rd1 Qa6 10. Nd2 Nbd7 11. e3 Nb6 12. Bf1 Nxc4 13. Nxc4 dxc4 14. Bxc4 Qa5
15. Bf1 Rd8 16. Bd2 Qb6 17. Qc2 Qc7 18. Ne4 e5 1/2-1/2

[Event "MCR senioru 2013 - 70"]
[Site "?"]
[Date "2013.08.21"]
[Round "4.8"]
[White "Slovak, Martin"]
[Black "Petrzelka, Karel"]
[Result "1/2-1/2"]
[WhiteElo "1761"]
[BlackElo "1890"]
[PlyCount "30"]
[EventDate "2013.??.??"]

1. d4 d5 2. c4 Bf5 3. Nc3 e6 4. Nf3 Nf6 5. Ne5 Nbd7 6. Nxd7 Qxd7 7. f3 Be7 8.
e3 O-O 9. Bd3 Bxd3 10. Qxd3 dxc4 11. Qxc4 Rac8 12. O-O Nd5 13. Nxd5 exd5 14.
Qe2 Bf6 15. Qd3 g6 1/2-1/2

[Event "MCR senioru 2013 - 70"]
[Site "?"]
[Date "2013.08.21"]
[Round "4.9"]
[White "Reichmann, Pavel"]
[Black "Svatos, Zdenek"]
[Result "1-0"]
[WhiteElo "1840"]
[BlackElo "1774"]
[PlyCount "31"]
[EventDate "2013.??.??"]

1. e4 c5 2. Nf3 d6 3. d4 cxd4 4. Nxd4 Nf6 5. Nc3 a6 6. Bg5 Nbd7 7. Bc4 Qa5 8.
Qd2 b5 9. Bd5 Nxd5 10. Nxd5 Qxd2+ 11. Bxd2 Ra7 12. Ba5 f6 13. Nc7+ Kf7 14. Nc6
Rxc7 15. Bxc7 Bb7 16. Nd8+ 1-0

[Event "MCR senioru 2013 - 70"]
[Site "?"]
[Date "2013.08.21"]
[Round "4.10"]
[White "Kosek, Lubomir"]
[Black "Krys, Jaromir"]
[Result "1-0"]
[WhiteElo "1784"]
[BlackElo "1575"]
[PlyCount "133"]
[EventDate "2013.??.??"]

1. e4 e5 2. Nf3 Nc6 3. Bb5 a6 4. Ba4 d6 5. O-O Nf6 6. d3 Bd7 7. c3 Be7 8. Re1
O-O 9. Nbd2 b5 10. Bb3 h6 11. Nf1 Na5 12. Bc2 c5 13. Ng3 Nc6 14. h3 Qc8 15. Kh2
Nh7 16. a4 b4 17. d4 bxc3 18. dxe5 cxb2 19. Bxb2 dxe5 20. Nxe5 Nxe5 21. Bxe5
Bf6 22. Bxf6 Nxf6 23. e5 Nh7 24. Qd3 g6 25. Nh5 Bf5 26. Qe3 gxh5 27. Bxf5 Qxf5
28. Qxc5 Ng5 29. Rad1 Ne6 30. Qc1 Kh7 31. Rd7 h4 32. Qc4 Qf4+ 33. Qxf4 Nxf4 34.
e6 Kg8 35. e7 Rfe8 36. Rc1 Ng6 37. Re1 f6 38. Re6 Kf7 39. Rb6 Rxe7 40. Rdd6 Ne5
41. Rxf6+ Kg7 42. Rxh6 Rf8 43. f3 Nxf3+ 44. gxf3 Rxf3 45. Rbg6+ Kf7 46. Rg2 Rf4
47. Rxa6 Re6 48. Rxe6 Kxe6 49. Rg4 Rf2+ 50. Kg1 Ra2 51. Rxh4 Kf5 52. Rb4 Kg5
53. h4+ Kh5 54. Kf1 Kg6 55. Ke1 Kf6 56. Kd1 Ke6 57. Kc1 Kd6 58. Kb1 Rh2 59. a5
Kc5 60. Rg4 Kb5 61. Rg5+ Kb4 62. h5 Kc3 63. a6 Rh1+ 64. Ka2 Rh4 65. Ra5 Kb4 66.
a7 Rh2+ 67. Kb1 1-0

[Event "MCR senioru 2013 - 50"]
[Site "?"]
[Date "2013.08.22"]
[Round "6.2"]
[White "Chladek, Vaclav"]
[Black "Urban, Zdenek"]
[Result "1/2-1/2"]
[WhiteElo "2065"]
[BlackElo "2124"]
[PlyCount "23"]
[EventDate "2013.??.??"]
[SourceDate "2013.08.22"]

1. d4 d5 2. Nf3 Nf6 3. c4 c6 4. cxd5 cxd5 5. Nc3 e6 6. e3 Nc6 7. Bb5 Bd7 8. O-O
Bd6 9. Bd2 O-O 10. Rc1 Rc8 11. Qe2 a6 12. Bd3 1/2-1/2

[Event "MCR senioru 2013 - 50"]
[Site "?"]
[Date "2013.08.22"]
[Round "6.3"]
[White "Lorenc, Oldrich"]
[Black "Malinovsky, Petr"]
[Result "1/2-1/2"]
[WhiteElo "2137"]
[BlackElo "1980"]
[PlyCount "63"]
[SourceDate "2013.08.22"]

1. e4 c5 2. Nf3 e6 3. c4 Nc6 4. d4 cxd4 5. Nxd4 a6 6. Nxc6 bxc6 7. Nc3 Bb4 8.
Bd2 Ne7 9. a3 Ba5 10. Bd3 d5 11. b4 Bc7 12. O-O O-O 13. Rc1 dxe4 14. Bxe4 f5
15. Bf3 e5 16. Bg5 e4 17. Qxd8 Bxd8 18. Be2 h6 19. Bf4 Ng6 20. Bd6 Be7 21. Rfd1
Be6 22. Bxe7 Nxe7 23. Rd6 Kf7 24. Rcd1 a5 25. b5 cxb5 26. Nxb5 Rfc8 27. Rb6 Rc6
28. Rxc6 Nxc6 29. Rd6 Nd8 30. Rb6 Ke7 31. Nc7 Rc8 32. Nxe6 1/2-1/2

[Event "MCR senioru 2013 - 50"]
[Site "?"]
[Date "2013.08.22"]
[Round "6.4"]
[White "Cvejn, Jaroslav"]
[Black "Plachetka, Milan"]
[Result "1/2-1/2"]
[WhiteElo "1746"]
[BlackElo "1623"]
[PlyCount "21"]
[EventDate "2013.??.??"]
[SourceDate "2013.08.22"]

1. e4 c5 2. Nf3 Nc6 3. Nc3 e6 4. d4 cxd4 5. Nxd4 Nf6 6. Nxc6 bxc6 7. e5 Nd5 8.
Nxd5 cxd5 9. Bd2 Be7 10. Qg4 g6 11. Bh6 1/2-1/2

[Event "MCR senioru 2013 - 50"]
[Site "?"]
[Date "2013.08.22"]
[Round "6.5"]
[White "Habada, Jindrich"]
[Black "Masek, Jan"]
[Result "1-0"]
[WhiteElo "1886"]
[BlackElo "1959"]
[PlyCount "80"]
[EventDate "2013.??.??"]
[SourceDate "2013.08.22"]

1. e4 e5 2. Nf3 Nc6 3. Bb5 f5 4. d3 Nf6 5. Nc3 d6 6. O-O Be7 7. a3 O-O 8. Bc4+
Kh8 9. Ng5 Qe8 10. Ne6 Bxe6 11. Bxe6 f4 12. Nd5 Bd8 13. Bh3 Nxd5 14. exd5 Ne7
15. Qf3 Rf6 16. Bd2 Qb5 17. c4 Qxb2 18. Bb4 a5 19. Rfb1 Qc2 20. Be1 Qa4 21.
Rxb7 Qe8 22. Rab1 Rf8 23. R1b5 a4 24. Ba5 Ng6 25. Bxc7 Nh4 26. Qe4 Bxc7 27.
Rxc7 Rb8 28. g3 Rxb5 29. cxb5 fxg3 30. hxg3 Nf3+ 31. Kg2 Ng5 32. Qg4 Qxb5 33.
Qxg5 Qxd5+ 34. Kg1 Rg8 35. Bf5 e4 36. dxe4 Qd1+ 37. Kg2 Qa1 38. Bxh7 Rf8 39.
Bf5 Qf6 40. Qh5+ Qh6 1-0

[Event "MCR senioru 2013 - 50"]
[Site "?"]
[Date "2013.08.22"]
[Round "6.6"]
[White "Kubelová, Sona"]
[Black "Peroutka, Ivo"]
[Result "0-1"]
[WhiteElo "1711"]
[BlackElo "1919"]
[PlyCount "44"]
[EventDate "2013.??.??"]
[SourceDate "2013.08.22"]

1. d4 d5 2. c4 c6 3. e3 Nf6 4. Nc3 Bf5 5. Bd3 Bg6 6. b3 e6 7. Nge2 Nbd7 8. O-O
Bd6 9. f3 O-O 10. e4 dxe4 11. fxe4 e5 12. c5 Bc7 13. Be3 Ng4 14. Bf2 exd4 15.
Bxd4 Bxh2+ 16. Kh1 Qh4 17. Rf3 Bg3+ 18. Kg1 Qh2+ 19. Kf1 Qh1+ 20. Ng1 Nh2+ 21.
Ke2 Nxf3 22. Nxf3 Qxg2+ 0-1

[Event "MCR senioru 2013 - 50"]
[Site "?"]
[Date "2013.08.22"]
[Round "6.7"]
[White "Zoufaly, Petr"]
[Black "Korinkova, Eva"]
[Result "0-1"]
[WhiteElo "1716"]
[BlackElo "1775"]
[PlyCount "60"]
[EventDate "2013.??.??"]
[SourceDate "2013.08.22"]

1. d4 d5 2. Nf3 Nf6 3. e3 e6 4. Bd3 Be7 5. O-O O-O 6. Nbd2 b6 7. b3 Ba6 8. Bxa6
Nxa6 9. c3 c5 10. Qe2 Nc7 11. Ne5 Bd6 12. f4 Ne4 13. Nxe4 dxe4 14. Ba3 cxd4 15.
Nc6 Qd7 16. Bxd6 d3 17. Qd2 Qxd6 18. Nd4 f5 19. Ne2 Nd5 20. Nd4 Rac8 21. c4 Nf6
22. g3 Rfd8 23. a4 a5 24. h3 Kf7 25. Kg2 h6 26. Rf2 g6 27. Qc3 Nd5 28. Qd2
Nxe3+ 29. Qxe3 Qxd4 30. Qxd4 Rxd4 0-1

[Event "MCR senioru 2013 - 50"]
[Site "?"]
[Date "2013.08.22"]
[Round "6.8"]
[White "Hovad, Vaclav"]
[Black "Nemec, Otakar"]
[Result "0-1"]
[WhiteElo "1698"]
[BlackElo "1919"]
[PlyCount "108"]
[EventDate "2013.??.??"]
[SourceDate "2013.08.22"]

1. d4 Nf6 2. c4 g6 3. Nc3 d5 4. cxd5 Nxd5 5. e4 Nxc3 6. bxc3 Bg7 7. Bc4 c5 8.
Ne2 O-O 9. O-O Nc6 10. Be3 cxd4 11. cxd4 b6 12. Rc1 Bb7 13. Bd5 Na5 14. Bxb7
Nxb7 15. Qd2 Qd7 16. Bh6 Rfd8 17. Bxg7 Kxg7 18. Rfd1 Rac8 19. e5 Rxc1 20. Rxc1
Nc5 21. Qc2 Ne6 22. Rd1 Nc7 23. Rc1 Nd5 24. g3 Qb7 25. Qe4 Rd7 26. Nf4 Nxf4 27.
Qxb7 Ne2+ 28. Kf1 Nxg3+ 29. hxg3 Rxb7 30. Ke2 Rd7 31. Ke3 h5 32. f4 e6 33. Ke4
Kf8 34. a4 Ke7 35. Rc6 Rb7 36. d5 exd5+ 37. Kxd5 a6 38. Rf6 b5 39. Kc6 Ra7 40.
axb5 axb5 41. Kxb5 Ra3 42. Rb6 Rxg3 43. Rb7+ Kf8 44. Kc6 Rf3 45. Rb4 Rd3 46.
Re4 Ke7 47. Ra4 Ke6 48. Kc5 Kf5 49. Ra7 Kxf4 50. Rxf7+ Kxe5 51. Rf1 h4 52. Rg1
Kf5 53. Rf1+ Kg4 54. Rg1+ Kh5 0-1

[Event "MCR senioru 2013 - 50"]
[Site "?"]
[Date "2013.08.22"]
[Round "6.9"]
[White "Papacek, Milos"]
[Black "Volfova, Milena"]
[Result "1-0"]
[WhiteElo "1815"]
[BlackElo "1683"]
[PlyCount "68"]
[EventDate "2013.??.??"]
[SourceDate "2013.08.22"]

1. e4 e5 2. Nf3 Nc6 3. Bb5 d6 4. c3 Bd7 5. O-O Nf6 6. Re1 Be7 7. d4 exd4 8.
cxd4 O-O 9. Nc3 a6 10. Bd3 Bg4 11. Be3 Nb4 12. Bb1 Nc6 13. Ne2 Bxf3 14. gxf3 h6
15. Kh1 Nh7 16. Rg1 Kh8 17. f4 Bh4 18. Ng3 Bxg3 19. Rxg3 Ne7 20. Qh5 Nf6 21.
Qh3 Qd7 22. f5 Kh7 23. Bd3 Ne8 24. Rag1 Ng8 25. Qg2 f6 26. Bc4 c6 27. Be6 Qe7
28. Rh3 Nc7 29. Qg6+ Kh8 30. Rg4 Nxe6 31. fxe6 b6 32. Rgh4 Qxe6 33. Bxh6 Nxh6
34. Rxh6+ Kg8 1-0

[Event "MCR senioru 2013 - 50"]
[Site "?"]
[Date "2013.08.22"]
[Round "6.10"]
[White "Mares, Ilja"]
[Black "Ruffer, Vaclav"]
[Result "1/2-1/2"]
[WhiteElo "1804"]
[BlackElo "1657"]
[PlyCount "76"]
[EventDate "2013.??.??"]
[SourceDate "2013.08.22"]

1. e4 d5 2. exd5 Qxd5 3. Nc3 Qa5 4. d4 c6 5. Bd2 Qc7 6. Bd3 Nf6 7. Nge2 Bg4 8.
f3 Bh5 9. Ne4 Nbd7 10. c3 Bg6 11. Bf4 Qb6 12. Qc2 Nd5 13. Bd2 e6 14. h4 Bxe4
15. fxe4 N5f6 16. e5 Ng4 17. Bxh7 Ndxe5 18. Be4 Nc4 19. Bf3 Nh6 20. Bf4 Bd6 21.
Bxd6 Nxd6 22. O-O-O Nhf5 23. Qd3 O-O-O 24. g3 Qc7 25. Bg2 Ne8 26. Qf3 Nf6 27.
Bh3 Qd7 28. c4 Kb8 29. Rhf1 Nd6 30. b3 Qc7 31. Kb2 Ka8 32. Nc3 Qa5 33. Bg2 Qb4
34. d5 Nxc4+ 35. Ka1 Ne5 36. Qe3 Nfg4 37. Qd4 Qxd4 38. Rxd4 exd5 1/2-1/2

[Event "MCR senioru 2013 - 60"]
[Site "?"]
[Date "2013.08.22"]
[Round "6.1"]
[White "Papan, Cyril"]
[Black "Vorobyov, Yrij"]
[Result "0-1"]
[WhiteElo "2034"]
[BlackElo "2235"]
[PlyCount "82"]

1. e4 c5 2. Nf3 e6 3. c3 d5 4. Bb5+ Nc6 5. Bxc6+ bxc6 6. e5 Ne7 7. d3 Nf5 8.
O-O Be7 9. Re1 O-O 10. Nbd2 f6 11. Nf1 Qe8 12. Ng3 Nxg3 13. hxg3 Qg6 14. Nh4
Qf7 15. Qc2 fxe5 16. Nf3 e4 17. dxe4 Bd6 18. e5 Be7 19. g4 h5 20. g5 Ba6 21. b3
Qf5 22. Qxf5 Rxf5 23. Nh4 Rf7 24. Bd2 Bd3 25. f4 a5 26. g3 Bf8 27. Rec1 c4 28.
Be3 Ba3 29. Nf3 Bxc1 30. Rxc1 Rb7 31. bxc4 Bxc4 32. Rc2 Rb1+ 33. Kh2 Ra1 34.
Nd4 Rxa2 35. Rxa2 Bxa2 36. g6 c5 37. Nc6 a4 38. Bxc5 a3 39. f5 Bb1 40. Ne7+ Kh8
41. f6 a2 0-1

[Event "MCR senioru 2013 - 60"]
[Site "?"]
[Date "2013.08.22"]
[Round "6.2"]
[White "Mlynek, Petr"]
[Black "Hlavac, Frantisek"]
[Result "1-0"]
[WhiteElo "2192"]
[BlackElo "2011"]
[PlyCount "55"]

1. d4 Nf6 2. c4 e5 3. dxe5 Ng4 4. e4 Nxe5 5. f4 Nec6 6. Be3 a5 7. Nc3 Na6 8.
Bd3 Bc5 9. Qe2 d6 10. Nf3 O-O 11. O-O-O Bxe3+ 12. Qxe3 Nc5 13. g4 Bxg4 14. Rhg1
Qc8 15. Rg3 Nxd3+ 16. Qxd3 f5 17. Rdg1 Rf7 18. Ng5 Nb4 19. Qd2 Rd7 20. a3 h6
21. Ne6 Re7 22. exf5 Bxf5 23. Rxg7+ Rxg7 24. Rxg7+ Kh8 25. axb4 Qxe6 26. Rxc7
Qg6 27. Qd4+ Kg8 28. Nd5 1-0

[Event "MCR senioru 2013 - 60"]
[Site "?"]
[Date "2013.08.22"]
[Round "6.3"]
[White "Tejkal, Jiri"]
[Black "Furman, Boris"]
[Result "0-1"]
[WhiteElo "1961"]
[BlackElo "2164"]
[PlyCount "80"]

1. d4 Nf6 2. Nf3 d5 3. c4 e6 4. Nc3 Bb4 5. Qa4+ Nc6 6. Ne5 Bd7 7. Nxd7 Nxd7 8.
e3 dxc4 9. a3 Bxc3+ 10. bxc3 Nb6 11. Qc2 O-O 12. Be2 f5 13. O-O Qh4 14. Bf3 Rf6
15. g3 Qh3 16. Bg2 Qh5 17. f4 Rh6 18. Bf3 Qh3 19. Qg2 Qxg2+ 20. Kxg2 Nd5 21.
Bd2 Na5 22. Rfe1 Rf6 23. e4 fxe4 24. Bxe4 Nb3 25. Ra2 c6 26. Bf3 b5 27. a4 Kf7
28. axb5 cxb5 29. Bc1 a5 30. Ba3 b4 31. Bxb4 Rd8 32. Bc5 Rc8 33. Bd6 Nxc3 34.
Rc2 Nb5 35. Be5 N5xd4 36. Rb2 c3 37. Ra2 c2 38. Bxf6 gxf6 39. Be4 c1=Q 40. Rxc1
Rxc1 0-1

[Event "MCR senioru 2013 - 60"]
[Site "?"]
[Date "2013.08.22"]
[Round "6.4"]
[White "Uhmann, Jan"]
[Black "Drabek, Miloslav"]
[Result "1/2-1/2"]
[WhiteElo "2137"]
[BlackElo "1990"]
[PlyCount "66"]

1. d4 Nf6 2. c4 d6 3. f4 g6 4. Nc3 Bg7 5. e4 O-O 6. Nf3 c5 7. d5 Bg4 8. Be2
Nbd7 9. O-O a6 10. a4 Qc7 11. Ra3 Nh5 12. Be3 Rae8 13. Nh4 Bxe2 14. Qxe2 Bd4
15. Kh1 Nhf6 16. Bc1 e6 17. dxe6 Rxe6 18. f5 Re5 19. fxg6 fxg6 20. Nd5 Qd8 21.
Nf3 Rxe4 22. Qd1 Nxd5 23. cxd5 Qe8 24. Rb3 b5 25. axb5 axb5 26. Bd2 b4 27. h3
Ne5 28. Ng5 Rxf1+ 29. Qxf1 Qa4 30. Nxe4 Qxb3 31. Nf6+ Kg7 32. Ne8+ Kg8 33. Nf6+
Kg7 1/2-1/2

[Event "MCR senioru 2013 - 60"]
[Site "?"]
[Date "2013.08.22"]
[Round "6.5"]
[White "Gasik, Piotr"]
[Black "Just, Pavel"]
[Result "1-0"]
[WhiteElo "2136"]
[BlackElo "1989"]
[PlyCount "77"]

1. c4 Nf6 2. Nf3 g6 3. Nc3 Bg7 4. e4 d6 5. d4 O-O 6. Be2 Nc6 7. O-O Bg4 8. Be3
e5 9. d5 Ne7 10. Ne1 Bxe2 11. Qxe2 Nh5 12. Nd3 f5 13. f3 f4 14. Bf2 g5 15. c5
Nf6 16. Rac1 Qd7 17. a4 Ne8 18. b3 h5 19. Nb5 a6 20. Na3 g4 21. cxd6 cxd6 22.
Nc4 Nc8 23. Rc3 Bf6 24. Rfc1 Bd8 25. Ncxe5 dxe5 26. Nxe5 Qg7 27. Rxc8 Rxc8 28.
Rxc8 Bc7 29. Nd3 g3 30. Bc5 Qd7 31. Ra8 Bd6 32. Bd4 Qf7 33. Qc2 gxh2+ 34. Kxh2
h4 35. Qc4 Qg6 36. Bf2 Kh7 37. e5 h3 38. Qe4 Rf5 39. gxh3 1-0

[Event "MCR senioru 2013 - 60"]
[Site "?"]
[Date "2013.08.22"]
[Round "6.6"]
[White "Novotny, Josef"]
[Black "Kotva, Milan"]
[Result "1-0"]
[WhiteElo "2129"]
[BlackElo "1970"]
[PlyCount "109"]

1. e3 e5 2. d3 Nf6 3. Nf3 Nc6 4. g3 d6 5. Bg2 Be6 6. Nc3 Qd7 7. h3 h6 8. Qe2
Be7 9. a3 Rb8 10. g4 b5 11. O-O a6 12. Nh2 d5 13. b4 d4 14. Nd1 Rd8 15. f4 dxe3
16. Bxc6 Qxc6 17. fxe5 Nd5 18. Nxe3 Qc3 19. Nxd5 Rxd5 20. Bf4 O-O 21. Nf3 a5
22. Qd2 axb4 23. axb4 Qxb4 24. c3 Qc5+ 25. Be3 Qc6 26. Rac1 Bc8 27. Nd4 Qg6 28.
Nf5 Bd8 29. d4 Re8 30. Qg2 Be6 31. Rf2 Rd7 32. Kh2 Bd5 33. Qg3 c6 34. h4 f6 35.
h5 Qh7 36. Bf4 Be6 37. Nd6 Rf8 38. Re1 Bd5 39. e6 Re7 40. Rfe2 Bb6 41. Nf5 Ra7
42. e7 Re8 43. Nd6 Raa8 44. Nxe8 Rxe8 45. Bd6 Kf7 46. Kh3 g6 47. Rf2 f5 48.
hxg6+ Qxg6 49. Rxf5+ Kg8 50. Rf8+ Kh7 51. Rxe8 Qxe8 52. Qd3+ Kg8 53. Qf5 Bf7
54. Qf6 h5 55. Be5 1-0

[Event "MCR senioru 2013 - 60"]
[Site "?"]
[Date "2013.08.22"]
[Round "6.7"]
[White "Vlacil, Vladimir"]
[Black "Sibl, Vaclav"]
[Result "1-0"]
[WhiteElo "2058"]
[BlackElo "1948"]
[PlyCount "73"]

1. e4 d6 2. c4 e5 3. Nc3 Nd7 4. d4 Ngf6 5. Nf3 Be7 6. Be2 O-O 7. O-O Re8 8. Qc2
exd4 9. Nxd4 c6 10. Be3 Bf8 11. Rfd1 Qc7 12. Rd2 Ne5 13. h3 h6 14. Rad1 a6 15.
b4 g6 16. a3 Kh7 17. f4 Ned7 18. Bf3 a5 19. b5 c5 20. Nde2 Nb6 21. Nd5 Nfxd5
22. cxd5 a4 23. Bd4 Qe7 24. Ba1 Bg7 25. Bxg7 Kxg7 26. Qc3+ f6 27. Ng3 Kg8 28.
Re1 Nd7 29. Rde2 Qg7 30. Nf1 b6 31. Nd2 Ra5 32. Nc4 Ra8 33. Nxd6 Re7 34. e5 f5
35. Nxc8 Rxc8 36. d6 Ree8 37. Qc4+ 1-0

[Event "MCR senioru 2013 - 60"]
[Site "?"]
[Date "2013.08.22"]
[Round "6.8"]
[White "Dolezal, Radoslav"]
[Black "Most, Zdenek"]
[Result "1/2-1/2"]
[WhiteElo "1927"]
[BlackElo "2046"]
[PlyCount "74"]

1. e4 c5 2. c3 g6 3. d4 cxd4 4. cxd4 Bg7 5. Nf3 d6 6. Be2 Nf6 7. Nc3 O-O 8. O-O
Nc6 9. h3 d5 10. e5 Ne4 11. Be3 Nxc3 12. bxc3 b6 13. Qd2 Na5 14. Bh6 Bd7 15.
Bxg7 Kxg7 16. Qe3 Rc8 17. Nd2 Rc7 18. Rac1 Be6 19. f4 Qd7 20. g4 f5 21. exf6+
exf6 22. Bd3 Bf7 23. g5 Qe6 24. Qg3 Re7 25. Rfe1 Qd6 26. Rxe7 Qxe7 27. Re1 Qd6
28. Nf3 Bg8 29. gxf6+ Qxf6 30. f5 Nc4 31. Ne5 Re8 32. fxg6 h6 33. Rf1 Qg5 34.
Qxg5 hxg5 35. Bxc4 dxc4 36. Rf5 Kh6 37. Rf6 Be6 1/2-1/2

[Event "MCR senioru 2013 - 60"]
[Site "?"]
[Date "2013.08.22"]
[Round "6.9"]
[White "Trojan, Lubos"]
[Black "Rucka, Alois"]
[Result "0-1"]
[WhiteElo "2016"]
[BlackElo "1943"]
[PlyCount "128"]
[SourceDate "2013.08.22"]

1. d4 d5 2. Nf3 Nf6 3. Bf4 e6 4. e3 c5 5. c3 Nc6 6. Nbd2 cxd4 7. exd4 Bd6 8.
Bg3 O-O 9. Bd3 Nh5 10. Qc2 h6 11. Ne5 Nxg3 12. Nxc6 bxc6 13. hxg3 c5 14. Nf3
cxd4 15. cxd4 Qa5+ 16. Kf1 Ba6 17. Qe2 Bxd3 18. Qxd3 Rab8 19. b3 Rfc8 20. Kg1
Rc3 21. Qd1 Rbc8 22. a4 Qb4 23. Rb1 Rb8 24. Nd2 Qxd4 25. Rh4 Qb6 26. a5 Qc7 27.
Nf1 Qxa5 28. Ra4 Qb6 29. b4 Rc4 30. Rba1 Rxb4 31. Rxa7 Rb7 32. R7a6 Qc7 33. Rc1
Qd7 34. Qd3 g6 35. Rac6 Rc7 36. Qa6 Rxc6 37. Rxc6 Bf8 38. Qa8 Qb7 39. Qe8 Rc4
40. Rxc4 dxc4 41. Ne3 c3 42. Qa4 Qb4 43. Qc6 Qc5 44. Qe4 Bg7 45. Nc2 Qd5 46.
Qa4 Qd1+ 47. Kh2 Bf6 48. f3 Kg7 49. Qe4 Qd5 50. Qa4 Qh5+ 51. Kg1 Qg5 52. Kh2
Qd2 53. Kg1 h5 54. Qe4 Qd5 55. Qe2 e5 56. Kh2 Be7 57. Qf1 Bc5 58. Qe1 f6 59.
Qxc3 Bb6 60. Qe1 Qc5 61. Qd1 g5 62. f4 Qf2 63. Qd7+ Kh6 64. fxg5+ Kxg5 0-1

[Event "MCR senioru 2013 - 60"]
[Site "?"]
[Date "2013.08.22"]
[Round "6.10"]
[White "Pavlis, Jaromir"]
[Black "Klimes, Jiri"]
[Result "1/2-1/2"]
[WhiteElo "1996"]
[BlackElo "1898"]
[PlyCount "44"]
[EventDate "2013.??.??"]
[SourceDate "2013.08.22"]

1. e4 e5 2. Nf3 Nc6 3. Bb5 a6 4. Ba4 Nf6 5. d3 d6 6. h3 Be7 7. O-O O-O 8. c3 b5
9. Bc2 Na5 10. Re1 c5 11. Nbd2 Bb7 12. Nf1 Re8 13. Bg5 Nh5 14. Bd2 Nf4 15. Ng3
g6 16. Nh2 Bf8 17. Qf3 Bh6 18. Bxf4 Bxf4 19. Ne2 Bd2 20. Red1 Bh6 21. Ng4 Bg7
22. Qg3 d5 1/2-1/2

[Event "MCR senioru 2013 - 60"]
[Site "?"]
[Date "2013.08.22"]
[Round "6.11"]
[White "Dusbaba, Petr"]
[Black "Jablecnik, Gustav"]
[Result "0-1"]
[WhiteElo "1831"]
[BlackElo "2112"]
[PlyCount "62"]
[EventDate "2013.??.??"]
[SourceDate "2013.08.22"]

1. e4 e5 2. Nf3 Nc6 3. d4 exd4 4. Bc4 Nf6 5. Bg5 h6 6. Bxf6 Qxf6 7. O-O d6 8.
h3 Ne5 9. Be2 Nxf3+ 10. Bxf3 g6 11. c3 Bg7 12. e5 dxe5 13. cxd4 O-O 14. dxe5
Qxe5 15. Nc3 c6 16. Re1 Qa5 17. Re3 Be6 18. Qc2 Rad8 19. Rae1 Rd7 20. Rxe6 fxe6
21. Qxg6 Qf5 22. Qg3 Kh8 23. Bg4 Qf4 24. Qxf4 Rxf4 25. Rxe6 Rd2 26. Re8+ Rf8
27. Re7 Rxb2 28. Ne4 Bd4 29. Bf3 b5 30. Kh2 Rxa2 31. Nd6 Bc5 0-1

[Event "MCR senioru 2013 - 60"]
[Site "?"]
[Date "2013.08.22"]
[Round "6.12"]
[White "Juricek, Stanislav"]
[Black "Gasik, Jadwiga"]
[Result "0-1"]
[WhiteElo "2101"]
[BlackElo "1939"]
[PlyCount "48"]
[EventDate "2013.??.??"]
[SourceDate "2013.08.22"]

1. e4 c6 2. d4 d5 3. Nc3 dxe4 4. Nxe4 Nf6 5. Nxf6+ gxf6 6. Nf3 Bg4 7. Be2 Nd7
8. Nh4 Bxe2 9. Qxe2 e6 10. Bf4 f5 11. g3 Be7 12. Nf3 Qa5+ 13. c3 Rg8 14. O-O h5
15. c4 h4 16. a3 hxg3 17. hxg3 Nf6 18. Rfd1 Nh5 19. Bd2 Qb6 20. c5 Qb3 21. Kg2
f4 22. Rh1 Qd5 23. Qe5 Nxg3 24. fxg3 Rxg3+ 0-1